00582nam a2200217Ia 4500008004100000020001800041050001600059050001400075100002500089245002700114245003500141250001600176260001600192260002200208260000900230300001600239300002000255300001100275500005200286650002600338180523s9999 xx 000 0 und d a981-265-786-X aMAIN BF 201 b.S74 2006 aSternberg, Robert J. 0aCognitive psychology / 0cRobert J. Sternberg, Jeff Mio. a4th Edition aSingapore : bThomson Learning, c2006 a595 pages : billustrations ; c23 cm. aIncludes bibiliographical references and index. aCognitive psychology